US States by Population - Statistics

General Stats
  • This quiz has been taken 462 times
  • The average score is 34 of 50
Answer Stats
# Population Answer % Correct
1 39,144,818 California
100%
2 27,469,114 Texas
99%
4 19,795,791 New York
96%
3 20,271,272 Florida
95%
5 12,859,995 Illinois
89%
7 11,613,423 Ohio
86%
6 12,802,503 Pennsylvania
86%
8 10,214,860 Georgia
83%
9 10,042,802 North Carolina
81%
10 9,922,576 Michigan
79%
11 8,958,013 New Jersey
74%
12 8,382,993 Virginia
73%
13 7,170,351 Washington
73%
14 6,828,065 Arizona
72%
50 586,107 Wyoming
71%
16 6,619,680 Indiana
68%
15 6,794,422 Massachusetts
68%
48 738,432 Alaska
65%
17 6,600,299 Tennessee
65%
49 626,042 Vermont
65%
19 6,006,401 Maryland
64%
47 756,927 North Dakota
64%
46 858,469 South Dakota
64%
24 4,858,979 Alabama
63%
22 5,456,474 Colorado
63%
21 5,489,594 Minnesota
63%
18 6,082,672 Missouri
63%
44 1,032,949 Montana
63%
45 945,934 Delaware
62%
42 1,329,328 Maine
62%
43 1,056,298 Rhode Island
62%
23 4,896,146 South Carolina
62%
40 1,431,603 Hawaii
61%
26 4,425,092 Kentucky
61%
25 4,670,724 Louisiana
61%
27 4,028,977 Oregon
61%
20 5,771,337 Wisconsin
61%
39 1,654,930 Idaho
60%
30 3,123,899 Iowa
60%
34 2,911,641 Kansas
60%
41 1,330,608 New Hampshire
60%
28 3,911,338 Oklahoma
60%
35 2,890,845 Nevada
59%
31 2,995,919 Utah
59%
32 2,992,333 Mississippi
58%
37 1,896,190 Nebraska
58%
36 2,085,109 New Mexico
58%
33 2,978,204 Arkansas
57%
29 3,590,886 Connecticut
57%
38 1,844,128 West Virginia
56%
No matching quizzes found
Score Distribution
Percent of People with Each Score
Percentile by Number Answered
Your Score History
You have not taken this quiz